[Event "George Trundle Masters"]
[Site "Auckland"]
[Date "2015.09.27"]
[Round "2"]
[White "Le Roy, Brice"]
[Black "Solomon, Stephen J"]
[Result "0-1"]
[WhiteElo "2260"]
[BlackElo "2366"]
[PlyCount "54"]
[EventDate "2015.09.26"]
[EventType "tourn"]
[EventRounds "9"]
[EventCountry "NZL"]
[EventCategory "2"]
[SourceTitle "EXT 2018"]
[Source "ChessBase"]
[SourceDate "2017.10.13"]
[SourceVersion "1"]
[SourceVersionDate "2017.10.13"]
[SourceQuality "1"]

1. e4 e5 2. Nf3 Nc6 3. Bb5 a6 4. Ba4 Nf6 5. 0-0 Be7 6. Bxc6 dxc6 7. Qe1 Nd7 8. d4 Bd6 9. Be3 0-0 10. Nc3 f6 11. Rd1 Qe8 12. Qe2 Qh5 13. d5 c5 14. Nd4 Qxe2 15. Ndxe2 b5 16. g4 Nb6 17. f3 Bd7 18. Ng3 g6 19. h4 a5 20. g5 a4 21. h5 Nc4 22. Bc1 fxg5 23. Bxg5 Nxb2 24. Rd2 b4 25. Nd1 Nxd1 26. Rdxd1 c4 27. Rb1 Bh3 0-1

[Event "NZL-ch op 122nd"]
[Site "Auckland"]
[Date "2015.01.06"]
[Round "6"]
[White "Hague, Ben"]
[Black "Le Roy, Brice"]
[Result "1-0"]
[WhiteElo "2462"]
[BlackElo "2290"]
[PlyCount "39"]
[EventDate "2015.01.01"]
[EventType "swiss"]
[EventRounds "9"]
[EventCountry "NZL"]
[SourceTitle "CBM 164 Extra"]
[Source "ChessBase"]
[SourceDate "2015.03.02"]
[SourceVersion "1"]
[SourceVersionDate "2015.03.02"]
[SourceQuality "1"]

1. e4 c5 2. Nf3 e6 3. d4 cxd4 4. Nxd4 a6 5. Nc3 Qc7 6. Be3 Nf6 7. Bd3 Bb4 8. 0-0 Bxc3 9. bxc3 d6 10. Qf3 Nbd7 11. Qg3 h5 12. Rad1 h4 13. Qxg7 Rh7 14. Qg5 h3 15. e5 hxg2 16. Rfe1 Nxe5 17. Bxh7 Nxh7 18. Qg8+ Nf8 19. Bh6 Neg6 20. Nf5 1-0

[Event "NZL-ch op 122nd"]
[Site "Auckland"]
[Date "2015.01.03"]
[Round "3"]
[White "Rasmussen, Allan Stig"]
[Black "Le Roy, Brice"]
[Result "1/2-1/2"]
[WhiteElo "2526"]
[BlackElo "2290"]
[PlyCount "99"]
[EventDate "2015.01.01"]
[EventType "swiss"]
[EventRounds "9"]
[EventCountry "NZL"]
[SourceTitle "CBM 164 Extra"]
[Source "ChessBase"]
[SourceDate "2015.03.02"]
[SourceVersion "1"]
[SourceVersionDate "2015.03.02"]
[SourceQuality "1"]

1. c4 Nf6 2. Nf3 c5 3. Nc3 g6 4. e3 Bg7 5. d4 cxd4 6. exd4 0-0 7. Bg5 h6 8. Bh4 d6 9. h3 e5 10. Be2 g5 11. dxe5 Nh5 12. Bg3 Nxg3 13. fxg3 dxe5 14. g4 Nc6 15. Ne4 Qb6 16. Qb3 Be6 17. Rf1 Rfd8 18. Qc3 Qb4 19. Rc1 Rac8 20. a3 Qxc3+ 21. Rxc3 Na5 22. c5 Nb3 23. Bd1 Nd4 24. Nfd2 b6 25. cxb6 axb6 26. Rf2 Nb5 27. Rxc8 Rxc8 28. Nb1 Rc1 29. Nec3 e4 30. Rc2 Rxc2 31. Bxc2 Nxc3 32. Nxc3 f5 33. gxf5 Bxf5 34. Ke2 Bd4 35. g4 Bg6 36. a4 Kf7 37. Bxe4 Bxe4 38. Nxe4 Bxb2 39. Nd6+ Ke6 40. Nc4 Bd4 41. Kd3 Bc5 42. Ke4 Bg1 43. Ne5 Bc5 44. Nc4 Bg1 45. Ne5 Bc5 46. Nd3 Bg1 47. Nc1 Bf2 48. Nd3 Bg1 49. Nb4 Kd6 50. Nd3 1/2-1/2

[Event "NZL-ch op 122nd"]
[Site "Auckland"]
[Date "2015.01.01"]
[Round "1"]
[White "Fan, Allen Chi Zhou"]
[Black "Le Roy, Brice"]
[Result "0-1"]
[WhiteElo "2000"]
[BlackElo "2290"]
[PlyCount "82"]
[EventDate "2015.01.01"]
[EventType "swiss"]
[EventRounds "9"]
[EventCountry "NZL"]
[SourceTitle "CBM 164 Extra"]
[Source "ChessBase"]
[SourceDate "2015.03.02"]
[SourceVersion "1"]
[SourceVersionDate "2015.03.02"]
[SourceQuality "1"]

1. Nf3 d5 2. c4 d4 3. e3 c5 4. d3 Nc6 5. Be2 e5 6. 0-0 Bd6 7. Na3 f5 8. exd4 cxd4 9. Nc2 a5 10. Re1 Nf6 11. Bf1 0-0 12. b3 e4 13. dxe4 fxe4 14. Ng5 Bxh2+ 15. Kxh2 Ng4+ 16. Kg1 e3 17. Bxe3 dxe3 18. Qxd8 exf2+ 19. Kh1 Nxd8 20. Re7 Ra6 21. Rd1 Rh6+ 22. Nh3 Nc6 23. Re2 Bf5 24. Ne3 Be4 25. Nxg4 Rxh3+ 26. Nh2 Rh4 27. Rd6 Ne5 28. Rxe4 Rxe4 29. g3 Ng4 30. Nxg4 Rxg4 31. Kg2 h5 32. Rd3 h4 33. a3 Rxg3+ 34. Rxg3 hxg3 35. Kxg3 Rf6 36. b4 axb4 37. axb4 Kf7 38. b5 Ke7 39. Kg2 Kd6 40. Be2 f1Q+ 41. Bxf1 Rxf1 0-1

[Event "FRA-chT1"]
[Site "Sautron"]
[Date "2013.04.06"]
[Round "10.5"]
[White "Le Roy, Brice"]
[Black "Chamaillard, Sylvain"]
[Result "1/2-1/2"]
[WhiteElo "2285"]
[BlackElo "2153"]
[PlyCount "37"]
[EventDate "2013.04.??"]
[EventType "team-match"]
[EventRounds "9"]
[EventCountry "FRA"]
[SourceTitle "EXT 2014"]
[Source "ChessBase"]
[SourceDate "2013.11.20"]
[SourceVersion "1"]
[SourceVersionDate "2013.11.20"]
[SourceQuality "1"]
[WhiteTeam "Bois Colombes"]
[BlackTeam "La Mendrolle"]
[WhiteTeamCountry "FRA"]
[BlackTeamCountry "FRA"]

1. Nf3 Nf6 2. g3 g6 3. Bg2 Bg7 4. c4 d6 5. d4 c5 6. Nc3 cxd4 7. Nxd4 0-0 8. 0-0 Nc6 9. Nxc6 bxc6 10. Bxc6 Rb8 11. Qa4 a5 12. Nb5 Qb6 13. Bf3 Bd7 14. Bd2 Bxb5 15. cxb5 Qxb5 16. Qxa5 Nd7 17. Qxb5 Rxb5 18. Bc3 Bxc3 19. bxc3 1/2-1/2

[Event "FRA-chT Top 16 Gp Basse"]
[Site "Le Port Marly"]
[Date "2009.05.29"]
[Round "9"]
[White "Le Roy, Brice"]
[Black "Riazantsev, Alexander"]
[Result "0-1"]
[WhiteElo "2307"]
[BlackElo "2635"]
[PlyCount "56"]
[EventDate "2009.05.28"]
[EventType "team-tourn"]
[EventRounds "11"]
[EventCountry "FRA"]
[SourceTitle "CBM 130 Extra"]
[Source "ChessBase"]
[SourceDate "2009.07.02"]
[SourceVersion "2"]
[SourceVersionDate "2009.07.15"]
[SourceQuality "1"]

1. e4 c6 2. Nc3 d5 3. Qf3 dxe4 4. Nxe4 Nf6 5. Bc4 Nbd7 6. d4 Nb6 7. Nxf6+ gxf6 8. Qb3 Nxc4 9. Qxc4 Rg8 10. Ne2 Rxg2 11. Be3 Qa5+ 12. c3 Be6 13. Qd3 Bf5 14. Qd2 Be4 15. c4 Qxd2+ 16. Kxd2 0-0-0 17. Ng3 Bf3 18. Nf5 Rg4 19. h3 Re4 20. Rhg1 e6 21. Rg3 Bh5 22. f3 Re5 23. Nh4 Bc5 24. Kd3 Bxd4 25. Bxd4 c5 26. Rg8 Rxg8 27. Bxe5 fxe5 28. Ke4 f6 0-1

[Event "FRA-chT Top 16 Gp Basse"]
[Site "Le Port Marly"]
[Date "2009.05.28"]
[Round "8"]
[White "Kallai, Gabor"]
[Black "Le Roy, Brice"]
[Result "1-0"]
[WhiteElo "2462"]
[BlackElo "2307"]
[PlyCount "64"]
[EventDate "2009.05.28"]
[EventType "team-tourn"]
[EventRounds "11"]
[EventCountry "FRA"]
[SourceTitle "CBM 130 Extra"]
[Source "ChessBase"]
[SourceDate "2009.07.02"]
[SourceVersion "2"]
[SourceVersionDate "2009.07.15"]
[SourceQuality "1"]

1. Nf3 c5 2. c4 Nc6 3. d4 cxd4 4. Nxd4 g6 5. e4 Bg7 6. Be3 Nf6 7. Nc3 Ng4 8. Qxg4 Nxd4 9. Qd1 e5 10. Bd3 0-0 11. 0-0 a6 12. Qd2 Re8 13. Bg5 f6 14. Be3 f5 15. exf5 gxf5 16. Nd5 d6 17. Bxd4 exd4 18. Qc2 Kh8 19. Rae1 Be6 20. Bxf5 Bxd5 21. Rxe8+ Qxe8 22. cxd5 Qe5 23. Bxh7 Re8 24. Bg6 Qe2 25. Qf5 Rb8 26. Rc1 Qe7 27. Qh5+ Kg8 28. Bf5 Be5 29. Re1 d3 30. Be6+ Kg7 31. Re4 Rh8 32. Rg4+ Kf8 1-0

[Event "FRA-chT Top 16 GpA"]
[Site "France"]
[Date "2009.05.02"]
[Round "6"]
[White "Le Roy, Brice"]
[Black "Babault, Patrice"]
[Result "1/2-1/2"]
[WhiteElo "2307"]
[BlackElo "2348"]
[PlyCount "58"]
[EventDate "2009.03.20"]
[EventType "team"]
[EventRounds "7"]
[EventCountry "FRA"]
[SourceTitle "CBM 129 Extra"]
[Source "ChessBase"]
[SourceDate "2009.05.05"]
[SourceVersion "2"]
[SourceVersionDate "2009.05.20"]
[SourceQuality "1"]

1. e4 c5 2. Nf3 e6 3. d4 cxd4 4. Nxd4 Nc6 5. Nxc6 bxc6 6. Bd3 d5 7. 0-0 Nf6 8. e5 Nd7 9. Re1 Qc7 10. Bf4 Qb6 11. Nd2 Qxb2 12. Nb3 Qa3 13. c4 Nc5 14. cxd5 exd5 15. Nxc5 Qxc5 16. Rc1 Qb6 17. e6 Bxe6 18. Bf5 Kd7 19. Rxe6 fxe6 20. Bxe6+ Kxe6 21. Qg4+ Ke7 22. Bg5+ Kd6 23. Qf4+ Kd7 24. Qf7+ Kc8 25. Qxd5 Bc5 26. Rxc5 Kb7 27. Qf7+ Qc7 28. Qb3+ Qb6 29. Qf7+ Qc7 1/2-1/2

[Event "FRA-chT Top 16 GpA"]
[Site "France"]
[Date "2009.05.01"]
[Round "5"]
[White "Degraeve, Jean Marc"]
[Black "Le Roy, Brice"]
[Result "1/2-1/2"]
[WhiteElo "2558"]
[BlackElo "2307"]
[PlyCount "80"]
[EventDate "2009.03.20"]
[EventType "team"]
[EventRounds "7"]
[EventCountry "FRA"]
[SourceTitle "CBM 129 Extra"]
[Source "ChessBase"]
[SourceDate "2009.05.05"]
[SourceVersion "2"]
[SourceVersionDate "2009.05.20"]
[SourceQuality "1"]

1. e4 Nf6 2. e5 Nd5 3. d4 d6 4. Nf3 Nc6 5. c4 Nb6 6. exd6 exd6 7. h3 Be7 8. Be2 0-0 9. Nc3 Bf5 10. 0-0 Re8 11. Bf4 Bf6 12. Rc1 a6 13. Re1 Nb4 14. Be3 d5 15. a3 Nc6 16. cxd5 Nxd5 17. Nxd5 Qxd5 18. Rc5 Qd7 19. Qc1 Be4 20. Rd1 Rad8 21. d5 Ne5 22. Rxc7 Qf5 23. Nxe5 Bxe5 24. Rxb7 Bxd5 25. Rb4 a5 26. Rb5 Rc8 27. Rc5 Bb3 28. Bg4 Rxc5 29. Bxc5 Qf4 30. Qxf4 Bxf4 31. Rf1 f6 32. Bd4 Bd2 33. Bc3 Rd8 34. Rb1 Kf7 35. Bd1 Ba2 36. Ra1 Be6 37. Bxd2 Rxd2 38. b4 axb4 39. axb4 Rb2 40. Bh5+ g6 1/2-1/2

[Event "FRA-chT Top 16 Gp Basse"]
[Site "France"]
[Date "2007.06.01"]
[Round "9.6"]
[White "Le Roy, Brice"]
[Black "Giffard, Nicolas"]
[Result "1/2-1/2"]
[WhiteElo "2296"]
[BlackElo "2379"]
[PlyCount "100"]
[EventDate "2007.05.31"]
[EventType "team"]
[EventRounds "11"]
[EventCountry "FRA"]
[SourceTitle "EXT 2008"]
[Source "ChessBase"]
[SourceDate "2007.11.25"]
[SourceVersion "1"]
[SourceVersionDate "2007.11.25"]
[SourceQuality "1"]
[WhiteTeam "Paris Chess Club"]
[BlackTeam "Drancy"]
[WhiteTeamCountry "FRA"]
[BlackTeamCountry "FRA"]

1. e4 Nf6 2. e5 Nd5 3. Nc3 Nxc3 4. dxc3 d5 5. Bf4 Bf5 6. h4 Qd7 7. Qd2 c5 8. 0-0-0 e6 9. Kb1 Nc6 10. Be2 h6 11. g4 Bh7 12. Bd3 Bxd3 13. Qxd3 0-0-0 14. Nf3 c4 15. Qe2 Kb8 16. Nd4 Ka8 17. g5 Nxd4 18. Rxd4 Rc8 19. g6 fxg6 20. Be3 Qe8 21. Rg4 g5 22. hxg5 h5 23. g6 hxg4 24. Rxh8 Qxg6 25. Bc5 Qf7 26. Bd6 b6 27. a3 Kb7 28. Rxf8 Rxf8 29. Bxf8 g3 30. fxg3 Qxf8 31. Qh5 Kc7 32. Qg6 Kd7 33. Kc1 Ke7 34. Kd2 Qf2+ 35. Kd1 Qf7 36. Qg5+ Ke8 37. Ke2 g6 38. g4 Kf8 39. Qd8+ Kg7 40. g5 Qf5 41. Qc7+ Qf7 42. Qxf7+ Kxf7 43. Ke3 Ke7 44. Kd4 Kd7 45. b3 cxb3 46. cxb3 Kc6 47. c4 dxc4 48. Kxc4 b5+ 49. Kd4 b4 50. a4 a5 1/2-1/2

[Event "FRA-chT2B 0506"]
[Site "France"]
[Date "2006.02.05"]
[Round "7.3"]
[White "Babault, Patrice"]
[Black "Le Roy, Brice"]
[Result "0-1"]
[WhiteElo "2324"]
[BlackElo "2243"]
[PlyCount "54"]
[EventDate "2005.10.27"]
[EventType "team-tourn"]
[EventRounds "11"]
[EventCountry "FRA"]
[SourceTitle "EXT 2006"]
[Source "ChessBase"]
[SourceDate "2005.11.24"]
[SourceVersion "1"]
[SourceVersionDate "2005.11.24"]
[SourceQuality "1"]
[WhiteTeam "Lutece"]
[BlackTeam "Paris NAO II"]
[WhiteTeamCountry "FRA"]
[BlackTeamCountry "FRA"]

1. e4 c5 2. Nf3 Nc6 3. d4 cxd4 4. Nxd4 g6 5. Nc3 Bg7 6. Be3 Nf6 7. Bc4 d6 8. h3 0-0 9. Bb3 Bd7 10. 0-0 Rc8 11. f4 Qa5 12. Nde2 Qh5 13. Qe1 b6 14. Rd1 Rfd8 15. e5 dxe5 16. Ng3 Qh4 17. fxe5 Nxe5 18. Rf4 Bg4 19. hxg4 Nexg4 20. Ra4 b5 21. Rxd8+ Rxd8 22. Rxa7 Nxe3 23. Qxe3 Ng4 24. Qxe7 Bd4+ 25. Kf1 Nh2+ 26. Ke2 Qg4+ 27. Kd2 Bxc3+ 0-1

[Event "FRA-chT2B 0506"]
[Site "France"]
[Date "2005.11.19"]
[Round "2.4"]
[White "Cathelineau, Didier"]
[Black "Le Roy, Brice"]
[Result "1/2-1/2"]
[WhiteElo "2188"]
[BlackElo "2243"]
[PlyCount "74"]
[EventDate "2005.10.27"]
[EventType "team-tourn"]
[EventRounds "11"]
[EventCountry "FRA"]
[SourceTitle "EXT 2006"]
[Source "ChessBase"]
[SourceDate "2005.11.24"]
[SourceVersion "1"]
[SourceVersionDate "2005.11.24"]
[SourceQuality "1"]
[WhiteTeam "Pontoise"]
[BlackTeam "Paris NAO II"]
[WhiteTeamCountry "FRA"]
[BlackTeamCountry "FRA"]

1. d4 Nf6 2. Nf3 e6 3. Nbd2 c5 4. e3 b6 5. Be2 Ba6 6. 0-0 Qc7 7. Bxa6 Nxa6 8. c3 cxd4 9. exd4 Be7 10. Qe2 Nb8 11. Ne4 d6 12. Nxf6+ Bxf6 13. Bg5 Nd7 14. Rfe1 0-0 15. Qd3 Rac8 16. Bxf6 Nxf6 17. Nd2 d5 18. Qf3 b5 19. a3 a5 20. Re3 b4 21. g4 bxc3 22. bxc3 Qe7 23. g5 Nd7 24. Qh5 Rfe8 25. Nf3 Rc4 26. Nd2 Rc6 27. Rh3 Nf8 28. c4 e5 29. cxd5 Rg6 30. Rg3 exd4 31. Nf3 Qd7 32. Qg4 Qxd5 33. Qxd4 Qb5 34. Rd1 Ne6 35. Qd7 Qxd7 36. Rxd7 Rd8 37. Rxd8+ Nxd8 1/2-1/2

[Event "FRA-ch Accession"]
[Site "Aix les Bains"]
[Date "2003.08.29"]
[Round "4"]
[White "Le Roy, Brice"]
[Black "Guennoun, Anthony"]
[Result "1-0"]
[WhiteElo "2291"]
[BlackElo "2104"]
[PlyCount "89"]
[EventDate "2003.08.19"]
[EventType "swiss"]
[EventRounds "11"]
[EventCountry "FRA"]
[SourceTitle "EXT 2004"]
[Source "ChessBase"]
[SourceDate "2003.11.25"]
[SourceVersion "1"]
[SourceVersionDate "2003.11.25"]
[SourceQuality "1"]

1. e4 c5 2. Nf3 Nc6 3. d4 cxd4 4. Nxd4 Nf6 5. Nc3 e5 6. Ndb5 d6 7. Nd5 Nxd5 8. exd5 Nb8 9. c4 Be7 10. Be2 0-0 11. 0-0 a6 12. Nc3 f5 13. f3 Nd7 14. a4 b6 15. Be3 Bg5 16. Qc1 Bxe3+ 17. Qxe3 Rb8 18. b4 Qh4 19. Rfb1 Rf6 20. Qf2 Qf4 21. Bf1 Rh6 22. g3 Qg5 23. a5 bxa5 24. Rxa5 f4 25. Ne4 fxg3 26. hxg3 Qh5 27. Bg2 Qh2+ 28. Kf1 Nf6 29. Nxf6+ Rxf6 30. Ke2 e4 31. f4 e3 32. Kxe3 Qh5 33. Kd2 Qf5 34. Qe1 Bd7 35. Ra3 Re8 36. Qf1 Rh6 37. Re3 Rxe3 38. Kxe3 Qc2 39. Be4 Qa2 40. Qe2 Qa3+ 41. Qd3 Qa2 42. Qc2 Qxc2 43. Bxc2 Rh2 44. Be4 Bg4 45. Ra1 1-0

[Event "FRA-ch Accession"]
[Site "Aix les Bains"]
[Date "2003.08.05"]
[Round "10"]
[White "Bleunven, Andre"]
[Black "Le Roy, Brice"]
[Result "0-1"]
[WhiteElo "2197"]
[BlackElo "2291"]
[PlyCount "120"]
[EventDate "2003.08.19"]
[EventType "swiss"]
[EventRounds "11"]
[EventCountry "FRA"]
[SourceTitle "EXT 2004"]
[Source "ChessBase"]
[SourceDate "2003.11.25"]
[SourceVersion "1"]
[SourceVersionDate "2003.11.25"]
[SourceQuality "1"]

1. Nf3 c5 2. c4 Nc6 3. d4 cxd4 4. Nxd4 Nf6 5. Nc3 g6 6. e4 Bg7 7. Be3 Ng4 8. Qxg4 Nxd4 9. Qd1 e5 10. Bd3 0-0 11. 0-0 d6 12. Qd2 Be6 13. b3 Rc8 14. Rad1 Qb6 15. Bb1 a6 16. Kh1 Qa5 17. Bxd4 exd4 18. Ne2 Qh5 19. Nxd4 Bg4 20. f3 Be5 21. g3 Bh3 22. Rf2 Rcd8 23. Ne2 f5 24. Qd5+ Kh8 25. f4 Bg4 26. Re1 Bg7 27. exf5 Rde8 28. Qd2 gxf5 29. Ng1 Rxe1 30. Qxe1 Bd4 31. Rf1 Re8 32. Qd2 Bc5 33. b4 Be2 34. bxc5 Bxf1 35. Qd4+ Kg8 36. Qd5+ Kg7 37. cxd6 Qf7 38. d7 Qxd5+ 39. cxd5 Rd8 40. Bxf5 Bb5 41. Nf3 Bxd7 42. Be4 Kf6 43. Ne5 Bf5 44. Bf3 Bb1 45. a3 Ba2 46. Ng4+ Ke7 47. Ne3 b5 48. Kg2 a5 49. Kf2 Rc8 50. Nf5+ Kf6 51. g4 Rc2+ 52. Ke1 Rxh2 53. Be4 Bb1 54. g5+ Kf7 55. d6 Ke6 56. Nd4+ Kxd6 57. Nxb5+ Kc5 58. Nc3 Bxe4 59. Nxe4+ Kd4 60. Nf2 Rh4 0-1

[Event "Paris NAO IM 3rd"]
[Site "Paris"]
[Date "2003.02.21"]
[Round "9"]
[White "Le Roy, Brice"]
[Black "Glicenstein, Asher"]
[Result "0-1"]
[WhiteElo "2302"]
[BlackElo "2257"]
[PlyCount "84"]
[EventDate "2003.02.13"]
[EventType "tourn"]
[EventRounds "9"]
[EventCountry "FRA"]
[EventCategory "4"]
[SourceTitle "EXT 2005"]
[Source "ChessBase"]
[SourceDate "2004.11.15"]
[SourceVersion "1"]
[SourceVersionDate "2004.11.15"]
[SourceQuality "1"]

1. Nf3 c5 2. c4 g6 3. g3 Bg7 4. Bg2 Nc6 5. 0-0 d6 6. Nc3 Bf5 7. d3 Qd7 8. Nd5 Nf6 9. Rb1 Nxd5 10. cxd5 Nd4 11. Nxd4 Bxd4 12. Bh6 a5 13. Qd2 Qa4 14. b3 Qb4 15. Qc1 Qc3 16. a3 b5 17. h4 Qxc1 18. Rfxc1 b4 19. a4 Kd8 20. Bf3 Ra7 21. Kg2 Rg8 22. Rh1 Kc7 23. Bc1 h5 24. Bb2 Bxb2 25. Rxb2 Kb6 26. Rc2 Rc7 27. Rc4 e6 28. Rf4 Re8 29. Be4 Bxe4+ 30. Rxe4 Rce7 31. dxe6 Rxe6 32. Rxe6 Rxe6 33. e4 d5 34. Rd1 dxe4 35. dxe4 Rxe4 36. Rd6+ Kc7 37. Rf6 c4 38. Rxf7+ Kc6 39. bxc4 Rxc4 40. Rf6+ Kb7 41. Rxg6 b3 42. Rg5 Rb4 0-1

[Event "Paris NAO IM 3rd"]
[Site "Paris"]
[Date "2003.02.18"]
[Round "6"]
[White "Alzaim, Talal"]
[Black "Le Roy, Brice"]
[Result "1/2-1/2"]
[WhiteElo "2234"]
[BlackElo "2302"]
[PlyCount "118"]
[EventDate "2003.02.13"]
[EventType "tourn"]
[EventRounds "9"]
[EventCountry "FRA"]
[EventCategory "4"]
[SourceTitle "EXT 2005"]
[Source "ChessBase"]
[SourceDate "2004.11.15"]
[SourceVersion "1"]
[SourceVersionDate "2004.11.15"]
[SourceQuality "1"]

1. d4 Nf6 2. c4 e6 3. Nf3 Bb4+ 4. Bd2 c5 5. dxc5 Bxc5 6. Nc3 0-0 7. a3 b6 8. Bg5 Be7 9. e4 d6 10. Be2 Nbd7 11. 0-0 Bb7 12. Nd2 a6 13. f4 Qc7 14. Bf3 Rac8 15. Rc1 Nc5 16. Qe2 h6 17. Bxf6 Bxf6 18. Kh1 Qb8 19. e5 dxe5 20. Bxb7 Nxb7 21. Nde4 Bd8 22. f5 exf5 23. Rxf5 Nd6 24. Nxd6 Qxd6 25. Rxe5 Rxc4 26. Qxc4 Qxe5 27. Qxa6 Bc7 28. g3 Qe3 29. Rf1 Be5 30. Qc4 Bd4 31. Qe2 Re8 32. Qxe3 Rxe3 33. Nd5 Rb3 34. Rd1 Be5 35. Ne7+ Kh7 36. Rd2 Bxb2 37. a4 Bc3 38. Rd3 Ra3 39. Nd5 Ra1+ 40. Kg2 Ba5 41. Rb3 Rxa4 42. Nxb6 Ra2+ 43. Kh3 Bxb6 44. Rxb6 f6 45. Rb5 Kg6 46. g4 Re2 47. Kg3 Re5 48. Rb3 h5 49. h3 hxg4 50. hxg4 Kg5 51. Ra3 Re1 52. Ra5+ Re5 53. Ra3 g6 54. Rb3 Re4 55. Rb5+ f5 56. gxf5 gxf5 57. Rb8 Re3+ 58. Kf2 Kf4 59. Rb4+ Re4 1/2-1/2

[Event "Paris NAO IM 3rd"]
[Site "Paris"]
[Date "2003.02.15"]
[Round "3"]
[White "Nguyen, Chi Minh"]
[Black "Le Roy, Brice"]
[Result "1-0"]
[WhiteElo "2366"]
[BlackElo "2302"]
[PlyCount "95"]
[EventDate "2003.02.13"]
[EventType "tourn"]
[EventRounds "9"]
[EventCountry "FRA"]
[EventCategory "4"]
[SourceTitle "EXT 2005"]
[Source "ChessBase"]
[SourceDate "2004.11.15"]
[SourceVersion "1"]
[SourceVersionDate "2004.11.15"]
[SourceQuality "1"]

1. d4 Nf6 2. c4 e6 3. Nc3 d5 4. Nf3 c6 5. b3 Bd6 6. Qc2 0-0 7. e3 Nbd7 8. Bb2 a6 9. Bd3 Re8 10. g4 e5 11. Be2 exd4 12. Nxd4 Nc5 13. 0-0-0 Nfe4 14. Nxe4 Nxe4 15. Bd3 Qh4 16. Bxe4 Rxe4 17. Nf3 Qe7 18. h3 b5 19. Qc3 f6 20. cxd5 cxd5 21. Qd3 Bb7 22. Nd4 Ba3 23. Kb1 Bxb2 24. Kxb2 Qd6 25. Rc1 Ree8 26. h4 Rac8 27. g5 Rxc1 28. Rxc1 Qe5 29. Qf5 Qxf5 30. Nxf5 Re5 31. Nd6 Re7 32. gxf6 gxf6 33. Nxb7 Rxb7 34. Rc6 Kf7 35. Rxa6 Kg6 36. a4 Kh5 37. a5 Kxh4 38. Rxf6 Kg4 39. Rh6 Kf3 40. Kc3 Kxf2 41. a6 Ra7 42. Kd4 Ke2 43. b4 Rd7 44. Rb6 Ra7 45. Kxd5 h5 46. Rh6 Kxe3 47. Kc5 Ke4 48. Kxb5 1-0

[Event "Chambery op 8th"]
[Site "Chambery"]
[Date "2002.08.08"]
[Round "7"]
[White "Le Roy, Brice"]
[Black "Olivier, Jean Christophe"]
[Result "0-1"]
[WhiteElo "2249"]
[BlackElo "2350"]
[PlyCount "72"]
[EventDate "2002.08.02"]
[EventType "swiss"]
[EventRounds "9"]
[EventCountry "FRA"]
[SourceTitle "CBM 089 Extra"]
[Source "ChessBase"]
[SourceDate "2002.09.10"]
[SourceVersion "2"]
[SourceVersionDate "2002.09.10"]
[SourceQuality "1"]

1. e4 c5 2. Nf3 Nc6 3. d4 cxd4 4. Nxd4 Qb6 5. Nb3 Nf6 6. Nc3 e6 7. Bd3 Bb4 8. 0-0 Bxc3 9. bxc3 0-0 10. Bg5 Ne8 11. Be3 Qc7 12. f4 b6 13. Qf3 Bb7 14. Rae1 Nd6 15. Qh3 f5 16. e5 Ne4 17. Bc1 Ne7 18. Ba3 Rfe8 19. Nd4 Nxc3 20. Bd6 Qc8 21. g4 g6 22. Qh4 Qd8 23. gxf5 Nxf5 24. Nxf5 exf5 25. Qg3 b5 26. h4 Qb6+ 27. Kh2 Ne4 28. Bxe4 Bxe4 29. h5 Rac8 30. c3 Bd5 31. hxg6 Re6 32. Rg1 Rxg6 33. Qh4 Rxc3 34. Rxg6+ hxg6 35. Re2 Rc1 36. Qf2 Qd8 0-1

[Event "FRA-chT 0102 U18"]
[Site "France"]
[Date "2002.05.10"]
[Round "11.1"]
[White "Le Roy, Brice"]
[Black "Bordi, Kevin Claude"]
[Result "1/2-1/2"]
[WhiteElo "2183"]
[BlackElo "2167"]
[PlyCount "64"]
[EventDate "2001.10.??"]
[EventType "team"]
[EventRounds "11"]
[EventCountry "FRA"]
[SourceTitle "EXT 2003"]
[Source "ChessBase"]
[SourceDate "2002.11.25"]
[SourceVersion "1"]
[SourceVersionDate "2002.11.25"]
[SourceQuality "1"]
[WhiteTeam "Paris NAO"]
[BlackTeam "Cannes"]
[WhiteTeamCountry "FRA"]
[BlackTeamCountry "FRA"]

1. e4 d5 2. exd5 Qxd5 3. Nc3 Qa5 4. Nf3 Nf6 5. d4 c6 6. Bc4 Bf5 7. Ne5 e6 8. Qe2 Nbd7 9. Bd2 Qc7 10. 0-0-0 b5 11. Bb3 a5 12. g4 Bg6 13. Nxg6 hxg6 14. g5 b4 15. gxf6 bxc3 16. Bxc3 Nxf6 17. d5 Nxd5 18. Rxd5 cxd5 19. Bxd5 Rb8 20. Rd1 Be7 21. Be5 Qb6 22. Bxb8 Qxb8 23. Bc6+ Kf8 24. Rd7 Qxh2 25. c3 Qf4+ 26. Kc2 Rh2 27. Kb3 Rxf2 28. Qa6 Qb8+ 29. Rb7 Qd8 30. Rd7 Qb8+ 31. Rb7 Qd8 32. Rd7 Qb8+ 1/2-1/2

[Event "FRA-chT 0102 U18"]
[Site "France"]
[Date "2002.05.08"]
[Round "8.1"]
[White "Comte, Frederic"]
[Black "Le Roy, Brice"]
[Result "1/2-1/2"]
[WhiteElo "2070"]
[BlackElo "2183"]
[PlyCount "46"]
[EventDate "2001.10.??"]
[EventType "team"]
[EventRounds "11"]
[EventCountry "FRA"]
[SourceTitle "EXT 2003"]
[Source "ChessBase"]
[SourceDate "2002.11.25"]
[SourceVersion "1"]
[SourceVersionDate "2002.11.25"]
[SourceQuality "1"]
[WhiteTeam "Hyeres"]
[BlackTeam "Paris NAO"]
[WhiteTeamCountry "FRA"]
[BlackTeamCountry "FRA"]

1. e4 c5 2. Nf3 Nc6 3. Bb5 e6 4. Bxc6 bxc6 5. 0-0 d6 6. e5 dxe5 7. Nxe5 Bd6 8. Nf3 Ne7 9. d3 0-0 10. Nbd2 Ng6 11. Nc4 Be7 12. Re1 Ba6 13. Nfd2 Qd5 14. Ne3 Qd7 15. b3 e5 16. Ba3 f5 17. Nec4 Qc7 18. Bb2 Bf6 19. Rb1 Rfe8 20. Ba3 Be7 21. Bb2 Bf6 22. Ba3 Be7 23. Bb2 Bf6 1/2-1/2